Представление документа в формате MARC21

Поле Инд. ПП Название Значение
Тип записи a
Библиографический уровень m
001 Контрольный номер 3ae0cc91-363a-48d2-b1bc-b3860c34c567
005 Дата корректировки 20131111174451.3
008 Кодируемые данные 960430 d
020 a ISBN 5-85900-042-1
c Цена, тираж 2 000-00; 2250-00
040 a Служба первич. каталог. НБ ТвГУ
041 a Код языка текста rus
080 a Индекс УДК 336.64
084 a Индекс другой классификации/Индекс ББК У526-212
090 x Авторский знак Х73
a Полочн. индекс У526
100 1_ a Автор Холт Роберт Н
245 10 a Заглавие Основы финансового менеджмента
b Продолж. заглавия Пер. с англ.
260 0_ a Место издания Москва
b Издательство Дело
c Дата издания 1993
300 a Объем 126,[2] с.
500 a Примечание Перевод изд.: Understanding corporate finance / Robert N. Holt (Charlottesville, Virg., 1986)
583 a Действие Приписка 207 5.06.97
k Исполнитель действия Взамен утраченных
650 a Основная рубрика Финансы
x Основная подрубрика Менеджмент
653 a Ключевые слова Финансы
a Ключевые слова Финансовый менеджмент
a Ключевые слова Фирмы
852 t Порядковый номер экземпляра 2
p Инвентарный номер 652026
p Инвентарный номер 683246 12000.00
888 a Бесплатные
952 p 207 12000.00 1 683246
c Вид литературы К ру
954 a Дата поступления на обработку 06.10.94
999 a Подразделение 2 Фил1